000 00835nam a22002297a 4500
005 20111130111624.0
008 111130t xxu||||| |||| 00| 0 eng d
010 _aENG-104257
020 _a9788189884819
_c295.00
035 _aEN-87790
037 _bDBAD/PUB
040 _aDPL
_bEng
082 _aS
100 _aZaidi, Annie
_936295
245 _aThe bad boy's guide to the Indian girl :
_cby Annie Zaidi [and] Smriti Ravindra
_ba.k.a. the good Indian girl's guide to living, loving and having fun /
260 _aNew Delhi
_bZubaan
_c2011
270 _a128b Shahpur Jat, 1st Floor
_bNew Delhi
_e110049
300 _a221p.
_c21cm (pbk)
700 _aSmriti Ravindra
_936296
942 _2ddc
_cEN
_hS
_mZAI
999 _c58821
_d58821